Создание и методика применения "деловой игры" в учебном процессе при подготовке инженеров химиков-технологов; Единая образовательная информационная среда: проблемы и пути развития

Dades bibliogràfiques
Parent link:Единая образовательная информационная среда: проблемы и пути развития.— 2003.— С. 81-83
Autor principal: Гузеев В. В.
Altres autors: Лукьянец С. В.
Idioma:rus
Publicat: 2003
Matèries:
Format: MixedMaterials Capítol de llibre
KOHA link:https://koha.lib.tpu.ru/cgi-bin/koha/opac-detail.pl?biblionumber=147414

MARC

LEADER 00000naa2a2200000 4500
001 147414
005 20231031145033.0
035 |a (RuTPU)RU\TPU\book\159784 
090 |a 147414 
100 |a 20081113d2003 k y0rusy50 ca 
101 0 |a rus 
102 |a RU 
200 1 |a Создание и методика применения "деловой игры" в учебном процессе при подготовке инженеров химиков-технологов  |f В. В. Гузеев, С. В. Лукьянец 
320 |a Библиогр.: 3 назв. 
463 0 |0 (RuTPU)RU\TPU\book\71552  |y 5-7511-1719-0  |t Единая образовательная информационная среда: проблемы и пути развития  |o Материалы II Всероссийской научно-практической конференции-выставки, посвященной 125-летию Томского государственного университета и 5-летию ассоциации образовательных и научных учреждений "Сибирский открытый университет", Томск, 8-11 сентября 2003 г.  |f Томский государственный университет  |v С. 81-83  |d 2003  |p 334 с. 
610 1 |a деловые игры 
610 1 |a химики-технологи 
610 1 |a инженеры 
610 1 |a учебные процессы 
610 1 |a методы обучения 
610 1 |a подготовка специалистов 
610 1 |a труды учёных ТПУ 
700 1 |a Гузеев  |b В. В. 
701 1 |a Лукьянец  |b С. В. 
801 1 |a RU  |b 63413507  |c 20081113  |g PSBO 
801 2 |a RU  |b 63413507  |c 20180123  |g RCR 
942 |c BK